| 000 | 00805nam a22001937a 4500 | ||
|---|---|---|---|
| 003 | 0 | ||
| 005 | 20250205140821.0 | ||
| 008 | 250205b xxu||||| |||| 00| 0 eng d | ||
| 050 |
_aHD 7287.6 _b.M37 2024 |
||
| 100 | _aMagasigan, Ramon Inocencio C. | ||
| 245 |
_aAn integrated mobile and web application for argo homes homeowners association. _cRamon Inocencio C. Marasigan |
||
| 260 |
_aLas Pinas City _bSouthville International School and Colleges _c2024 |
||
| 300 |
_axii, 158 pages: _bcolored pictures and illustration; _c28cm. |
||
| 500 | _aBachelor of Science in Information Technology. | ||
| 504 | _aIncludes bibliographical references and appendices. | ||
| 650 | _aWeb and mobile applications -- Residential communities. | ||
| 650 | _aHousing -- Residential digital platforms. | ||
| 942 |
_2lcc _cTH |
||
| 999 |
_c367138 _d367138 |
||